Matematika pro 5. ročník : příručka pro učitele /

Hlavní autor: Novák, Bohumil, 1949-
Další autoři: Molnár, Josef, 1953-
Jazyk: Čeština
Vydáno: Olomouc : Prodos, c1998
Témata:
Fyzický popis: 192 s. : il. ; 26 cm
Knihy
Uloženo v:
LEADER 01154nam a2200301 a 4500
001 000357865
003 CZ BrMZK
005 19980107143423.0
008 980107s1998 xr f cze d
015 |a cnb000485527 
020 |a 80-7230-014-8 
035 |a (OCoLC)84956803 
040 |a BOA001  |b cze 
080 |a 372.851:37.02(075.2)  |2 MRF 
080 |a 51:37.02(075.2)  |2 MRF 
100 1 |a Novák, Bohumil,  |d 1949-  |7 jn20001227756  |4 aut 
245 1 0 |a Matematika pro 5. ročník :  |b příručka pro učitele /  |c Bohumil Novák, Josef Molnár. 
246 3 3 |a Matematika 5 - příručka pro učitele 
260 |a Olomouc :  |b Prodos,  |c c1998 
300 |a 192 s. :  |b il. ;  |c 26 cm 
500 |a V tir. náz.: Matematika 5 - příručka pro učitele 
653 0 |a matematika 
700 1 |a Molnár, Josef,  |d 1953-  |7 jn20001005583  |4 aut 
910 |a BOA001  |b PK-N-0034.123 
964 |a Matematika  |x metodiky  |x školy základní 
990 |a BK 
996 7 |b 3119014213  |c PK-N-0034.123  |l MZK  |r Sklad / do 1 hodiny  |n 10  |p p.v.  |w 000357865  |u 000010  |a 1  |e BOA001  |j MZK50  |s A 
996 7 |b 3119015450  |c PK-N-0034.123  |l MZK  |r Sklad / do 1 hodiny  |n 6  |p kup  |w 000357865  |u 000020  |a 1  |e BOA001  |j MZK50  |s A